000 00811nam a2200253Ia 4500
003 OSt
005 20220923225056.0
006 a|||||r|||| 00| 0
007 ta
008 220922b |||||||| |||| 00| 0 hin d
024 _a256,321
037 _cTextual
040 _aARTS
_cARTS
_bhin
041 _2hin
_ahin
082 _aO152,6x, M6
100 _aशर्मा, राजकुमार
245 0 _aविचार और साहित्य
246 _aVichār aur sāhitya
260 _aजोधपुर
_b राजस्थान ग्रंथागार
_c1986
300 _a152पृ.
_ccm.
650 _aहिन्दी साहित्य
_9156264
942 _hO152,6x, M6
_cTEXL
_2CC
999 _c375860
_d375860